Franchise horror con maggiori incassi nella storia del cinema - Statistics

Statistiche generali
  • Questo quiz è stato fatto 68 volte
  • Il punteggio medio è 5 su 14
Statistiche sulle risposte
Incassi totali ($) Numero di film Franchise % Corretto
885 594 556 13 Halloween
67%
1 173 474 976 2 It
65%
913 385 720 6 Scream
65%
1 119 425 499 10 Saw
60%
2 401 134 169 9 The Conjuring
56%
722 280 183 6 L'Esorcista
46%
1 653 812 293 8 Alien
38%
731 684 239 5 Insidious
27%
1 237 686 980 10 Resident Evil
25%
890 533 646 6 Paranormal Activity
23%
896 555 030 5 Scary Movie
23%
744 593 166 6 Predator
17%
913 670 412 15 Dracula
15%
924 422 301 5 Hannibal
13%
Nessun quiz corrispondente trovato
Distribuzione punteggi
Percentuale di utenti per punteggio
Percentile per numero di risposta
I tuoi punteggi nel tempo
Non hai fatto questo quiz